| 000 | 00539nam a22001817a 4500 | ||
|---|---|---|---|
| 999 |
_c509814 _d509814 |
||
| 008 | 190616b ||||| |||| 00| 0 eng d | ||
| 100 |
_aElliott, Mark _96486 |
||
| 245 | _aPolitical pragmatism and constitutional principle: the European Union (Withdrawn) At 2018 | ||
| 260 | _c2019 | ||
| 300 | _ap.37-60. | ||
| 650 |
_aEuropean Union (Withdrawn) Act 2018 _96259 |
||
| 650 |
_aRule of Law _96487 |
||
| 650 |
_aConstitutional law _96488 |
||
| 700 |
_aTierney, Stephen _96260 |
||
| 773 | _aPublic Law | ||
| 906 | _aBrexit | ||
| 942 | _cAR | ||